[Event "Korcsoportos Bajnokság u16f"]
[Site "Balatonlelle"]
[Date "2015.06.24"]
[Round "7.3"]
[White "Czupor, Attila"]
[Black "Polyik, Peter"]
[Result "0-1"]
[WhiteElo "2173"]
[BlackElo "2143"]
[PlyCount "52"]
[EventDate "2015.06.18"]
[EventType "swiss"]
[EventRounds "7"]
[EventCountry "HUN"]
[WhiteClock "0:30:06"]
[BlackClock "0:24:05"]

1. e4 c5 2. Nf3 d6 3. d4 cxd4 4. Nxd4 Nf6 5. Nc3 g6 6. Be3 Bg7 7. f3 O-O 8. Bc4
Nc6 9. Bb3 Bd7 10. O-O Qa5 11. Qd2 Rfc8 12. Rad1 Ne5 13. Rf2 Nc4 14. Bxc4 Rxc4
15. Nb3 Qa6 16. e5 Ne8 17. Nd5 Bxe5 18. Nxe7+ Kf8 19. Nd5 Qxa2 20. Bd4 Rxd4 21.
Nxd4 Qxd5 22. Qe3 Qc5 23. c3 Nf6 24. Re2 Re8 25. Qf2 Kg7 26. h3 Bg3 0-1

[Event "Korcsoportos Bajnokság u16f"]
[Site "Balatonlelle"]
[Date "2015.06.24"]
[Round "7.4"]
[White "Gorcsi, Gabor"]
[Black "Simon, Lili"]
[Result "1-0"]
[WhiteElo "2081"]
[BlackElo "2012"]
[PlyCount "99"]
[EventDate "2015.06.18"]
[EventType "swiss"]
[EventRounds "7"]
[EventCountry "HUN"]
[WhiteClock "0:34:23"]
[BlackClock "0:17:21"]

1. Nf3 d5 2. c4 c6 3. e3 Nf6 4. Nc3 Bf5 5. cxd5 cxd5 6. Qb3 Qd7 7. Ne5 Qc7 8.
d4 e6 9. Bd2 Nbd7 10. Nb5 Qd8 11. Rc1 Rc8 12. Rxc8 Qxc8 13. Nxa7 Qc7 14. Nb5
Qc8 15. Nxd7 Nxd7 16. Bd3 Bxd3 17. Qxd3 Nb6 18. b3 Be7 19. O-O O-O 20. Rc1 Qa8
21. a4 Rc8 22. Qb1 Rxc1+ 23. Qxc1 Qc8 24. Qxc8+ Nxc8 25. Kf1 Kf8 26. Ke2 Ke8
27. Kd3 Kd7 28. f3 f5 29. Ba5 b6 30. Bc3 Kc6 31. Bd2 Bf8 32. e4 Be7 33. g4
fxe4+ 34. fxe4 h6 35. Bf4 Bd8 36. Be5 Bf6 37. exd5+ exd5 38. Bxf6 gxf6 39. Ke3
Ne7 40. Kf4 Kd7 41. Kg3 Ng6 42. Nc3 Kd6 43. Ne2 Ne7 44. Kh4 f5 45. gxf5 Nxf5+
46. Kh5 Ne3 47. Kg6 Kc6 48. h4 b5 49. Kxh6 b4 50. Kg6 1-0

[Event "Korcsoportos Bajnokság u16f"]
[Site "Balatonlelle"]
[Date "2015.06.24"]
[Round "7.5"]
[White "Peczely, Sebastian Zsombor"]
[Black "Marton, Denes"]
[Result "1-0"]
[WhiteElo "2260"]
[BlackElo "1752"]
[PlyCount "61"]
[EventDate "2015.06.18"]
[EventType "swiss"]
[EventRounds "7"]
[EventCountry "HUN"]
[WhiteClock "0:21:15"]
[BlackClock "0:06:24"]

1. d4 Nf6 2. Nf3 g6 3. g3 Bg7 4. Bg2 O-O 5. c4 d6 6. O-O Nbd7 7. Nc3 e5 8. h3
c6 9. e4 exd4 10. Nxd4 Nc5 11. Re1 a5 12. Bf4 Nh5 13. Be3 Ne6 14. Qd3 Qc7 15.
Rad1 Rd8 16. Nde2 Bf6 17. f4 Nc5 18. Qc2 Be6 19. g4 Ng7 20. b3 Bd7 21. g5 Be7
22. Ng3 f5 23. Qf2 Re8 24. Bd4 fxe4 25. Ncxe4 Nxe4 26. Nxe4 Nf5 27. Ba1 Rad8
28. Qb2 Kf7 29. Rxd6 Be6 30. Rxe6 Qb6+ 31. Nf2 1-0

[Event "Korcsoportos Bajnokság u16f"]
[Site "Balatonlelle"]
[Date "2015.06.24"]
[Round "7.6"]
[White "Haselbach, David"]
[Black "Szilassi, Abel"]
[Result "1/2-1/2"]
[WhiteElo "1955"]
[BlackElo "2064"]
[PlyCount "57"]
[EventDate "2015.06.18"]
[EventType "swiss"]
[EventRounds "7"]
[EventCountry "HUN"]

1. e4 c6 2. d4 d5 3. e5 Bf5 4. Nf3 e6 5. Be2 Nd7 6. O-O Ne7 7. b3 a5 8. c4 a4
9. Bb2 Ng6 10. Nbd2 Qa5 11. Nb1 Nf4 12. g3 Nxe2+ 13. Qxe2 Bg4 14. Kg2 a3 15.
Bc3 Bb4 16. Bxb4 Qxb4 17. Qd2 Bxf3+ 18. Kxf3 Qe7 19. Kg2 O-O 20. c5 f6 21. f4
fxe5 22. fxe5 Rxf1 23. Kxf1 Rf8+ 24. Kg2 b6 25. cxb6 Nxb6 26. Nc3 c5 27. Nb5
Nd7 28. Rc1 cxd4 29. Qxd4 1/2-1/2

[Event "Korcsoportos Bajnokság u16f"]
[Site "Balatonlelle"]
[Date "2015.06.24"]
[Round "7.7"]
[White "Horvath, Kristof"]
[Black "Buzas, Bertalan"]
[Result "1/2-1/2"]
[WhiteElo "1875"]
[BlackElo "2038"]
[PlyCount "64"]
[EventDate "2015.06.18"]
[EventType "swiss"]
[EventRounds "7"]
[EventCountry "HUN"]
[WhiteClock "0:33:46"]
[BlackClock "0:45:00"]

1. e4 c6 2. d4 d5 3. exd5 cxd5 4. c4 e6 5. Nc3 Nf6 6. Nf3 Be7 7. Bd3 O-O 8. O-O
Nc6 9. a3 b6 10. cxd5 exd5 11. h3 h6 12. Bf4 Bb7 13. Rc1 Rc8 14. Bf5 Ra8 15.
Nb5 Ne8 16. Ne5 Nxe5 17. Bxe5 Ba6 18. Qa4 Bxb5 19. Qxb5 a6 20. Qd7 g6 21. Qxd8
Bxd8 22. Bd7 Ra7 23. Bc6 f6 24. Bb8 Re7 25. Bxd5+ Kg7 26. Bf3 Rd7 27. d5 Nd6
28. Bxd6 Rxd6 29. Rfe1 Rf7 30. Kf1 Rfd7 31. Rc6 Kf7 32. Re6 Rxc6 1/2-1/2

[Event "Korcsoportos Bajnokság u16f"]
[Site "Balatonlelle"]
[Date "2015.06.24"]
[Round "7.9"]
[White "Posztos, Marcell"]
[Black "Marta, Dominik"]
[Result "0-1"]
[WhiteElo "1516"]
[BlackElo "2145"]
[PlyCount "69"]
[EventDate "2015.06.18"]
[EventType "swiss"]
[EventRounds "7"]
[EventCountry "HUN"]
[WhiteClock "1:01:51"]
[BlackClock "1:08:10"]

1. d4 Nf6 2. c4 g6 3. Nc3 Bg7 4. e4 d6 5. f3 O-O 6. Be3 Nc6 7. Qd2 e5 8. d5 Ne7
9. O-O-O Nd7 10. Bd3 b6 11. Bh6 Nc5 12. Bc2 a5 13. h4 f5 14. g3 fxe4 15. fxe4
Bg4 16. Re1 Bxh6 17. Qxh6 Rf2 18. Nge2 Qf8 19. Qxf8+ Raxf8 20. Kb1 Kg7 21. a3
Ng8 22. Rhg1 Nf6 23. b4 axb4 24. axb4 Na6 25. b5 Nb4 26. Bd1 Nd3 27. Ref1 Nxe4
28. Rxf2 Ndxf2 29. Nxe4 Nxe4 30. Kc2 Rf2 31. Kd3 Nc5+ 32. Ke3 Rf3+ 33. Kd2 Ne4+
34. Kc1 Re3 35. Rg2 0-1

[Event "Korcsoportos Bajnokság u16f"]
[Site "Balatonlelle"]
[Date "2015.06.24"]
[Round "7.10"]
[White "Koltai, Daniel"]
[Black "Radacsi, Marton"]
[Result "0-1"]
[WhiteElo "1680"]
[BlackElo "1585"]
[PlyCount "54"]
[EventDate "2015.06.18"]
[EventType "swiss"]
[EventRounds "7"]
[EventCountry "HUN"]
[WhiteClock "1:00:27"]
[BlackClock "1:05:02"]

1. e4 e6 2. d4 d5 3. e5 c5 4. c3 Qb6 5. Nf3 Nc6 6. Na3 Bd7 7. Nc2 cxd4 8. cxd4
Nge7 9. Be2 Ng6 10. O-O Be7 11. Be3 O-O 12. Qd2 Rac8 13. Rfc1 Rc7 14. a3 Na5
15. Nb4 Rxc1+ 16. Rxc1 Nb3 17. Qe1 Nxc1 18. Bxc1 Rc8 19. Bd2 Bb5 20. Bc3 Bxe2
21. Qxe2 a5 22. Nd3 Bxa3 23. Bxa5 Qxa5 24. bxa3 Qxa3 25. g3 b5 26. Nc5 b4 27.
Qb5 Qxf3 0-1

[Event "Korcsoportos Bajnokság u16f"]
[Site "Balatonlelle"]
[Date "2015.06.24"]
[Round "7.11"]
[White "Toth, Viktor"]
[Black "Szuhanszki, Gergely"]
[Result "1-0"]
[WhiteElo "1457"]
[BlackElo "1653"]
[PlyCount "91"]
[EventDate "2015.06.18"]
[EventType "swiss"]
[EventRounds "7"]
[EventCountry "HUN"]
[WhiteClock "0:34:20"]
[BlackClock "1:03:47"]

1. e4 d6 2. d4 Nf6 3. Bd3 g6 4. c4 Nc6 5. Ne2 e5 6. d5 Nb8 7. Nbc3 Bg7 8. f3
O-O 9. Bg5 Nbd7 10. Qd2 Re8 11. O-O-O Nc5 12. g4 Bd7 13. h4 c6 14. h5 cxd5 15.
Nxd5 Be6 16. Nec3 a6 17. Qh2 Nxg4 18. Bxd8 Nxh2 19. Nc7 Rexd8 20. Nxa8 Nxf3 21.
Nc7 Bh6+ 22. Kc2 Bg4 23. Be2 Nd4+ 24. Rxd4 exd4 25. Bxg4 dxc3 26. hxg6 Kg7 27.
gxf7 cxb2 28. Ne6+ Nxe6 29. Bxe6 Bc1 30. Rg1+ Kf6 31. Rg8 Kxe6 32. Rxd8 Kxf7
33. Rxd6 Ke7 34. Rb6 h6 35. Rxb7+ Kd6 36. Rb3 Kc5 37. Kd3 Kd6 38. Rb8 h5 39.
Kc2 Ke5 40. c5 Kxe4 41. c6 Bf4 42. Rb7 h4 43. c7 h3 44. c8=Q h2 45. Qc6+ Ke3
46. Rxb2 1-0

[Event "Korcsoportos Bajnokság u16f"]
[Site "Balatonlelle"]
[Date "2015.06.24"]
[Round "7.12"]
[White "Molnar, Tamas"]
[Black "Mengyan, Marton"]
[Result "1/2-1/2"]
[WhiteElo "1433"]
[BlackElo "1788"]
[PlyCount "43"]
[EventDate "2015.06.18"]
[EventType "swiss"]
[EventRounds "7"]
[EventCountry "HUN"]
[WhiteClock "0:46:42"]
[BlackClock "0:41:30"]

1. e4 c5 2. Nf3 d6 3. d4 cxd4 4. Nxd4 a6 5. Nc3 Nf6 6. Be3 e5 7. Nb3 Be6 8. Qd2
Be7 9. f4 Ng4 10. fxe5 Nxe3 11. Qxe3 dxe5 12. Qd3 Qxd3 13. Bxd3 Nd7 14. O-O-O
Nc5 15. Nxc5 Bxc5 16. Kb1 O-O 17. Nd5 Rac8 18. a3 Rfd8 19. h3 Kf8 20. Be2 Rd6
21. Bg4 Bxg4 22. hxg4 1/2-1/2